Normal view
MARC view
- Vincent, Shean
Entry Personal Name
001 - CONTROL NUMBER
- control field: 5826
003 - CONTROL NUMBER IDENTIFIER
- control field: OSt
005 - DATE AND TIME OF LATEST TRANSACTION
- control field: 20240213110842.0
008 - FIXED-LENGTH DATA ELEMENTS
- fixed length control field: 240213|| aca||aabn | a|a d
040 ## - CATALOGING SOURCE
- Original cataloging agency: OSt
- Transcribing agency: OSt
100 ## - HEADING--PERSONAL NAME
- Personal name: Vincent, Shean
670 ## - SOURCE DATA FOUND
- Source citation: Work cat.: (OSt)179: Vincent, Shean ., Gandhi / , 1957.
